header

Franklin Has a Sleepover (Record no. 263034)

MARC details
000 -LEADER
fixed length control field 00222nam a22000977a 4500
020 ## - INTERNATIONAL STANDARD BOOK NUMBER
ISBN 0590617591
100 ## - MAIN ENTRY--AUTHOR NAME
Personal name Paulette Bourgeois
245 ## - TITLE STATEMENT
Title Franklin Has a Sleepover
260 ## - PUBLICATION, DISTRIBUTION, ETC. (IMPRINT)
Place of publication New York
Name of publisher Scholastic
Year of publication 1996
942 ## - ADDED ENTRY ELEMENTS (KOHA)
Koha item type Long Loan Books
Holdings
Withdrawn status Lost status Collection code Home library Current library Shelving location Date acquired Accession Number Koha item type
    Fiction Rongo University Library Rongo University Library Children's Area 27/02/2024 CL2021853 Long Loan Books

© 2026 Rongo University
Contact us: librarian | system librarian | Rongo university